Ադրբեջանի ներքաղաքական զարգացումների դինամիկան 1988-1998 թթ. : (Record no. 535750)
[ view plain ]
| 000 -LEADER | |
|---|---|
| fixed length control field | 01328nam a2200229 a 4500 |
| 001 - CONTROL NUMBER | |
| control field | 1093314 |
| 003 - CONTROL NUMBER IDENTIFIER | |
| control field | AM-YEHGA |
| 005 - DATE AND TIME OF LATEST TRANSACTION | |
| control field | 20251008100626.0 |
| 008 - FIXED-LENGTH DATA ELEMENTS--GENERAL INFORMATION | |
| fixed length control field | 161114s2016 ai ||||frm||||000|0|arm|d |
| 040 ## - CATALOGING SOURCE | |
| Original cataloging agency | AM-YEHGA |
| 041 0# - LANGUAGE CODE | |
| Language code of text/sound track or separate title | arm |
| 100 1# - MAIN ENTRY--PERSONAL NAME | |
| Personal name | Հայրապետյան, Տաթևիկ Արմենի |
| 245 10 - TITLE STATEMENT | |
| Title | Ադրբեջանի ներքաղաքական զարգացումների դինամիկան 1988-1998 թթ. : |
| Remainder of title | Ատենախոսություն - Է.00.02- «Համաշխարհային պատմություն» մասնագիտությամբ պատմական գիտությունների թեկնածուի / |
| Statement of responsibility, etc. | Տ.Ա. Հայրապետյան; ՀՀ ԳԱԱ , արևելագիտության ինստիտուտ. |
| 260 ## - PUBLICATION, DISTRIBUTION, ETC. | |
| Place of publication, distribution, etc. | Երևան : |
| Name of publisher, distributor, etc. | Ա. հ., |
| Date of publication, distribution, etc. | 2016. |
| 300 ## - PHYSICAL DESCRIPTION | |
| Extent | 147 էջ |
| 502 ## - DISSERTATION NOTE | |
| Dissertation note | Հայաստանի Հանրապետության գիտությունների ազգային ակադեմիա, արևելագիտության ինստիտուտ |
| 502 ## - DISSERTATION NOTE | |
| Dissertation note | Գիտական ղեկավար՝ պատմական գիտությունների դոկտոր, պրոֆեսոր Ա. Ավագյան |
| 650 14 - SUBJECT ADDED ENTRY--TOPICAL TERM | |
| Topical term or geographic name entry element | Ներքին քաղաքականություն |
| Geographic subdivision | Ադրբեջան |
| 650 14 - SUBJECT ADDED ENTRY--TOPICAL TERM | |
| Topical term or geographic name entry element | Համաշխարհային պատմություն |
| 9 (RLIN) | 5843 |
| 655 #4 - INDEX TERM--GENRE/FORM | |
| Genre/form data or focus term | Ատենախոսություններ |
| 942 ## - ADDED ENTRY ELEMENTS (KOHA) | |
| Source of classification or shelving scheme | Universal Decimal Classification |
| Koha item type | Ատենախոսություններ / Dissertations |
| Withdrawn status | Lost status | Source of classification or shelving scheme | Damaged status | Not for loan | Collection | Home library | Current library | Date acquired | Total checkouts | Full call number | Barcode | Date last seen | Price effective from | Koha item type | Public note |
|---|---|---|---|---|---|---|---|---|---|---|---|---|---|---|---|
| Universal Decimal Classification | General | Fundamental Scientific Library | Fundamental Scientific Library | 09/07/2025 | Ատեն/11 | FL0696097 | 09/07/2025 | 09/07/2025 | Ատենախոսություններ / Dissertations | 30 Days Loan |
ՀՀ Գիտությունների ազգային ակադեմիայի հիմնարար գիտական գրադարան = Fundamental Scientific Library of NAS RA
All site content, except where otherwise noted, is licensed under a